[Event "KGZ-ch"]
[Site "Bishkek"]
[Date "2019.04.19"]
[Round "7"]
[White "Kazakbaev, Sezdbek"]
[Black "Morozov, Aleksandr2222"]
[Result "1-0"]
[WhiteElo "1805"]
[BlackElo "1627"]
[PlyCount "33"]
[EventDate "2019.04.13"]
[EventType "swiss"]
[EventRounds "9"]
[EventCountry "KGZ"]
[SourceTitle "CBM 190 Extra"]
[Source "ChessBase"]
[SourceDate "2019.07.15"]
[SourceVersion "1"]
[SourceVersionDate "2019.07.15"]
[SourceQuality "1"]

1. d4 d5 2. c4 e5 3. e3 Nc6 4. dxe5 Bb4+ 5. Bd2 d4 6. Bxb4 Nxb4 7. a3 Nc6 8. exd4 Qxd4 9. Nc3 Qxe5+ 10. Qe2 Bg4 11. f3 Qxe2+ 12. Ngxe2 Be6 13. Nf4 0-0-0 14. Nxe6 Re8 15. Kf2 Rxe6 16. Bd3 Nf6 17. Bf5 1-0

[Event "KGZ-ch FL"]
[Site "Bishkek"]
[Date "2019.03.03"]
[Round "1"]
[White "Sydykov, Nurtilek"]
[Black "Kazakbaev, Sezdbek"]
[Result "0-1"]
[WhiteElo "1255"]
[BlackElo "1827"]
[PlyCount "32"]
[EventDate "2019.03.03"]
[EventType "swiss"]
[EventRounds "9"]
[EventCountry "KGZ"]
[SourceTitle "EXT 2021"]
[Source "ChessBase"]
[SourceDate "2020.10.23"]
[SourceVersion "1"]
[SourceVersionDate "2020.10.23"]
[SourceQuality "1"]

1. e4 e6 2. d4 d5 3. Nd2 dxe4 4. Nxe4 Be7 5. Nf3 Nf6 6. Bd3 Nbd7 7. 0-0 b6 8. Ng3 Bb7 9. Ne5 Nxe5 10. dxe5 Qd5 11. Bb5+ Qxb5 12. exf6 Bxf6 13. f4 0-0 14. Nh5 Be7 15. b3 g6 16. Qg4 Bc5+ 0-1